000 00654nam a22002417a 4500
003 UA-OsUOA
001 79826
007 ta
008 20111121b un ||||| |||| 00| 0 ukr d
100 _aПушкина О.
090 _a821.161.1
_bП91
942 _cBK
040 _aUA-OsUOA
_brus
_cUA-OsUOA
_dUA-OsUOA
245 _aЖенские истории Оксаны Пушкиной
300 _a249 с.
955 _a3
041 _arus
080 _a821.161.1
020 _a5-227-00368-8
260 _aМ.
_bЦентрполиграф
_c2001
650 7 _a82 Література. Літературознавство
_2UDC
999 _c366178
_d366178